000 00407nam a2200157Ia 4500
003 GCL
008 140319s9999 xx 000 0 eng d
040 _aGCL /
_cGCL
082 0 4 _a069.44
_bP M
100 1 _aPOISSON, GEORGES
245 1 0 _aLES MUSEES DE FRANCE /
_cPOISSON, GEORGES
260 _a[S.N] :
_bPREESES UNIVERSITAIRES ،
_c1950
300 _a58 P
650 0 4 _aFRANCE - MUSEUM
942 _2ddc
_cBK
999 _c12541
_d12541